Top 10 Exporting Countries in World Football - Statistics

General Stats
  • This quiz has been taken 66 times
  • The average score is 8 of 10
Answer Stats
Hint Answer % Correct
753 footballers Argentina
100%
1202 footballers Brazil
100%
781 footballers France
92%
335 footballers Germany
92%
362 footballers Spain
92%
451 footballers England
73%
292 footballers Nigeria
61%
288 footballers Uruguay
58%
323 footballers Croatia
53%
460 footballers Serbia
47%
No matching quizzes found
Score Distribution
Percent of People with Each Score
Percentile by Number Answered
Your Score History
You have not taken this quiz